000 00710nam a2200289Ia 4500
005 20260324140634.0
008 008 260324s9999 xx 000 0 eng d
020 _a9780203982747
037 _aEBOOK
040 _aCRL
040 _beng
040 _cCRL
041 _2eng
041 _aeng
084 _qCRL
100 _aNick Tiratsoo; Jim Tomlinson
_91205166
245 4 _aThe Conservatives and Industrial Efficiency, 1951-1964
245 0 _bThirteen Wasted Years?
260 _bTaylor and Francis
260 _c1998
365 _a
365 _b230
856 _uhttp://www.taylorfrancis.com/books/9780203982747
942 _cEBOOK
999 _c1807443
_d1807443